000 00284nam a22001337a 4500
003 SGT
020 _a9781580620475
082 _a133.8
_bS98H
100 _aHALBERSTAM, YITTA
245 _aSMALL MIRACLES
260 _bADAMS MEDIA CORPORATION
_c1998
300 _a259
942 _2ddc
_cBK
999 _c29045
_d29045